000 00858nam a2200241 i 4500
001 172546
003 ES-MaACL
005 20250804074424.0
008 090716s19571959xxk |||| | eng d
080 _a1 William of Ockham
100 0 _aWilliam of Ockham.
_9116904
245 1 0 _aPhilosophical writings /
_cOckham ; a selection edited and translated by Philotheus Boehner.
260 _aEdinburgh ;
_aLondon :
_bNelson,
_c1957 (
_g1959)
300 _aLIX, 157 p. [1] p. de lám. ;
_c18 cm.
490 1 _aNelson philosophical texts
500 _aÍndices.
650 7 _aFilosofía medieval
_2embne
_912857
700 0 _aBoehner, Philotheus.
_929741
830 0 _aNelson philosophical texts
_9223363
852 _aES-MaACL
_jE-12866
_9R.139207
_z.- Biblioteca Jacinto Martínez Lacalle
999 _c172546
_d172546